000 00438nam a2200193Ia 4500
003 0100
008 130303s9999 xx 000 0 und d
040 _cARRUPELIB
050 _aBL51.C67 1999
100 _aCole, Peter
245 _aPhilosophy of religion
260 _aLondon
260 _bHodder and Stoughton
260 _C1999
300 _a117p.
300 _b 22cm
650 _bWorld War I -- Fiction
942 _2lcc
_02
999 _c58049
_d58049